000 00230nam a22000857a 4500
999 _c11076
_d11076
008 180824b ||||| |||| 00| 0 eng d
100 _aAgarwal Archana
_96854
245 _aInformatics Practices
260 _aNew Delhi
_bSultan Chand
_c2018